000 00463nam a22001697a 4500
999 _c19582
_d19582
003 BDDh-ASL
005 20231015025805.0
008 201213s2003 enk||||| |||| 00| 0 eng d
040 _aBDDh-ASL
_cBDDh-ASL
082 _a297.09
_bWIR
100 1 _92373
_aWintle, Justin
245 1 0 _aThe Rough Guide History of Islam /
260 _aLondon :
_bRough Guides online,
_c2003.
300 _a520 p. :
_c15 cm.
650 0 _91652
_aIslam
_xHistory
942 _2ddc
_cBK